[Event "SVK-chT3A2 0910"]
[Site "Slovakia"]
[Date "2009.10.18"]
[Round "1.7"]
[White "Herega, Jozef"]
[Black "Holly, Milan"]
[Result "1-0"]
[WhiteElo "1879"]
[BlackElo "1820"]
[PlyCount "71"]
[EventDate "2009.10.18"]
[EventType "team-tourn"]
[EventRounds "11"]
[EventCountry "SVK"]
[SourceTitle "EXT 2011"]
[Source "ChessBase"]
[SourceDate "2010.11.26"]
[SourceVersion "1"]
[SourceVersionDate "2010.11.26"]
[SourceQuality "1"]
[WhiteTeam "Trnava III"]
[BlackTeam "Holic"]
[WhiteTeamCountry "SVK"]
[BlackTeamCountry "SVK"]

1. d4 e6 2. c4 b6 3. e4 Bb7 4. Bd3 Nf6 5. f3 d5 6. Bg5 Be7 7. Nc3 dxe4 8. fxe4 Qxd4 9. Nge2 Qc5 10. Qd2 Ng4 11. Bxe7 Qxe7 12. Qf4 Nf6 13. 0-0 0-0 14. Qh4 Qc5+ 15. Kh1 Qh5 16. Qg3 Nxe4 17. Qxc7 Nc5 18. Ng3 Qh4 19. Bc2 Nba6 20. Qe5 g6 21. Rf4 Qh6 22. Raf1 Qg7 23. Qg5 Nb4 24. Be4 Rab8 25. Bxb7 Rxb7 26. Nge4 Nbd3 27. Nf6+ Kh8 28. Rh4 Nd7 29. Rxh7+ Qxh7 30. Nxh7 Kxh7 31. Rf3 N3e5 32. Rh3+ Kg7 33. Qh6+ Kf6 34. Ne4+ Ke7 35. Qg5+ Ke8 36. Nd6# 1-0

[Event "SVK-chT3A2 0809"]
[Site "Slovakia"]
[Date "2009.02.08"]
[Round "7.7"]
[White "Herega, Jozef"]
[Black "Markuliak, Mario"]
[Result "1-0"]
[WhiteElo "1880"]
[BlackElo "1702"]
[PlyCount "119"]
[EventDate "2008.10.19"]
[EventType "team-tourn"]
[EventRounds "11"]
[EventCountry "SVK"]
[SourceTitle "EXT 2010"]
[Source "ChessBase"]
[SourceDate "2010.11.25"]
[SourceVersion "1"]
[SourceVersionDate "2010.11.25"]
[SourceQuality "1"]
[WhiteTeam "Trnava Lokomotiva III"]
[BlackTeam "Cifer"]
[WhiteTeamCountry "SVK"]
[BlackTeamCountry "SVK"]

1. d4 d5 2. c4 e6 3. Nf3 Nf6 4. Bg5 h6 5. Bh4 Be7 6. e3 0-0 7. Bd3 dxc4 8. Bxc4 b6 9. 0-0 Bb7 10. Nbd2 Nbd7 11. Qe2 c5 12. Ba6 Qc8 13. Bxb7 Qxb7 14. Rac1 Rfd8 15. Nb3 cxd4 16. Nbxd4 Nc5 17. b4 Nce4 18. Nc6 Rd7 19. Nxe7+ Rxe7 20. Qc2 g5 21. Bg3 Nxg3 22. hxg3 Rd8 23. Nd4 Red7 24. Nxe6 Re8 25. Nd4 Ne4 26. Qc6 Qxc6 27. Rxc6 Kh7 28. Rfc1 Ree7 29. Nf5 Re6 30. Rc7 Rxc7 31. Rxc7 Rf6 32. g4 a6 33. f3 Nd2 34. e4 Kg6 35. Rc1 Re6 36. Kf2 Re8 37. Ke2 Nxe4 38. fxe4 Rxe4+ 39. Kf3 Rf4+ 40. Kg3 Rxb4 41. Rc6+ f6 42. Ne7+ Kf7 43. Nd5 Ra4 44. Rxf6+ Kg7 45. Rxb6 Ra3+ 46. Rb3 Rxa2 47. Ne3 a5 48. Nc4 Ra4 49. Nd6 Rb4 50. Rxb4 axb4 51. Kf3 b3 52. Nc4 Kg6 53. Ke4 h5 54. gxh5+ Kxh5 55. Kf5 Kh4 56. g4 Kg3 57. Kxg5 Kf3 58. Kf5 Ke2 59. Ke5 Kd3 60. Kd5 1-0

[Event "SVK-chT3A2 0809"]
[Site "Slovakia"]
[Date "2009.01.25"]
[Round "6.8"]
[White "Herega, Jozef"]
[Black "Gubis, Vladimir"]
[Result "1/2-1/2"]
[WhiteElo "1880"]
[BlackElo "1755"]
[PlyCount "58"]
[EventDate "2008.10.19"]
[EventType "team-tourn"]
[EventRounds "11"]
[EventCountry "SVK"]
[SourceTitle "EXT 2010"]
[Source "ChessBase"]
[SourceDate "2010.11.25"]
[SourceVersion "1"]
[SourceVersionDate "2010.11.25"]
[SourceQuality "1"]
[WhiteTeam "Trnava Lokomotiva III"]
[BlackTeam "Piestany Kupele II"]
[WhiteTeamCountry "SVK"]
[BlackTeamCountry "SVK"]

1. d4 Nf6 2. c4 b6 3. Nc3 Bb7 4. d5 g6 5. e4 d6 6. Bd3 Bg7 7. Nge2 Nbd7 8. f4 c6 9. Bd2 c5 10. 0-0 Qc7 11. a4 a6 12. Ra2 0-0 13. Qb3 Rab8 14. Qa3 Bc8 15. Rb1 Re8 16. Nd1 Nf8 17. b4 Bg4 18. Bc3 N8d7 19. h3 Bxe2 20. Rxe2 Nh5 21. Bxg7 Nxg7 22. Qb2 cxb4 23. Qxb4 Qc5+ 24. Qxc5 bxc5 25. Reb2 Rxb2 26. Rxb2 Rb8 27. Rxb8+ Nxb8 28. a5 Nh5 29. f5 g5 1/2-1/2

[Event "SVK-chT3A2 0607"]
[Site "Slovakia"]
[Date "2006.10.22"]
[Round "2"]
[White "Bjel, Jan"]
[Black "Herega, Jozef"]
[Result "0-1"]
[WhiteElo "1350"]
[BlackElo "1892"]
[PlyCount "84"]
[EventDate "2006.10.08"]
[EventType "team-tourn"]
[EventRounds "11"]
[EventCountry "SVK"]
[SourceTitle "EXT 2008"]
[Source "ChessBase"]
[SourceDate "2007.11.25"]
[SourceVersion "1"]
[SourceVersionDate "2007.11.25"]
[SourceQuality "1"]
[WhiteTeam "Vrbove"]
[BlackTeam "Trnava III"]
[WhiteTeamCountry "SVK"]
[BlackTeamCountry "SVK"]

1. e4 c5 2. Nf3 d6 3. d4 cxd4 4. Nxd4 Nf6 5. Nc3 a6 6. Bd3 e6 7. 0-0 Be7 8. b3 0-0 9. Bb2 Nbd7 10. Re1 Qc7 11. Qd2 b5 12. a3 Bb7 13. Nf3 Rac8 14. a4 b4 15. Na2 a5 16. c3 Nc5 17. Qc2 Nxd3 18. Qxd3 Bxe4 19. Rxe4 Nxe4 20. Qxe4 Bf6 21. Rc1 d5 22. Qe2 bxc3 23. Bxc3 Qf4 24. Bd2 Qf5 25. Rxc8 Rxc8 26. Qd1 Rc2 27. Nc1 Bb2 28. Ne1 Rc6 29. Ncd3 Bc3 30. Qc1 d4 31. Bxc3 Rxc3 32. Qd1 e5 33. f3 Qe6 34. Nc1 f5 35. Qd2 Qd5 36. Kf2 e4 37. fxe4 fxe4 38. Kf1 Qf5+ 39. Kg1 e3 40. Qa2 Rxc1 41. Qe2 Qe4 42. Kf1 d3 0-1